El Estado empresario /
Desde un marco teórico-conceptual sobre el Estado y la administración pública, así como del contexto del México posrrevolucionario, el autor analiza la actividad empresarial de las paraestatales, sus formas organizativas, sus criterios rectores, su problemática burocrática y jurídica, y algunas prop...
Gardado en:
| Autor Principal: | |
|---|---|
| Outros autores: | |
| Formato: | Libro |
| Idioma: | Lingua castelá |
| Publicado: |
México :
UNAM, Instituto de Investigaciones Jurídicas,
1982, c1982
|
| Series: | (Serie G. Estudios Doctrinales ;
75) |
| Temas: | |
| Etiquetas: |
Sen Etiquetas, Sexa o primeiro en etiquetar este rexistro!
|
MARC
| LEADER | 00000nam^a2200000^a^4500 | ||
|---|---|---|---|
| 001 | 000271596 | ||
| 005 | 20250521000000.0 | ||
| 009 | 20260310111032.193 | ||
| 037 | |a Acervo Xavier Clavigero | ||
| 041 | |a ESP | ||
| 082 | |a 351. 90972 |b FER | ||
| 100 | |a Fernández Ruiz, Jorge |e (autor) | ||
| 245 | 1 | 3 | |a El Estado empresario / |c J. Fernández Ruiz ; pról. de R. Aguirre Velázquez. |
| 264 | 4 | |a México : |b UNAM, Instituto de Investigaciones Jurídicas, |c 1982, c1982 | |
| 300 | |a 278 p. | ||
| 336 | |a texto |b txt |2 rdacontenido | ||
| 337 | |a sin mediación |b n |2 rdamedio | ||
| 338 | |a volumen |b nc |2 rdasoporte | ||
| 440 | 1 | |a (Serie G. |p Estudios Doctrinales ; |v 75) | |
| 520 | |a Desde un marco teórico-conceptual sobre el Estado y la administración pública, así como del contexto del México posrrevolucionario, el autor analiza la actividad empresarial de las paraestatales, sus formas organizativas, sus criterios rectores, su problemática burocrática y jurídica, y algunas propuestas para su reestructuración. | ||
| 649 | |a XX | ||
| 650 | |a Paraestatales - |z México - |x Administración - |x Tema Principal | ||
| 650 | |a Paraestatales - |z México - |x Aspectos Jurídicos | ||
| 650 | |a Paraestatales - |z México - |x Tema Principal | ||
| 650 | |a Servicios Públicos - |z México - |x Administración | ||
| 650 | |a Burocratismo - |z México | ||
| 650 | |a Centralización y Descentralización - |z México | ||
| 650 | |a Reforma Administrativa - |z México | ||
| 650 | |a Estado, El - |x Teoría | ||
| 650 | |a Derecho Administrativo - |z México | ||
| 650 | |a Derecho Público - |z México | ||
| 650 | |a Administración Pública - |z México | ||
| 700 | |a Aguirre Velázquez, Ramón |e (prólogo) | ||
| 910 | |a Fondo General | ||
| 920 | |a Impresos - Libros | ||
| 930 | |a Colección General | ||
| 905 | |a 101 | ||
| 901 | |a 0500157652 |b IT1 |c ACC |u 20250521 | ||
| 902 | |a https://opac.biblio.iteso.mx/vufind/Record/000271596 | ||